Frauen und Medien : eine Synopse der deutschen Forschung
Αποθηκεύτηκε σε:
| Κύριος συγγραφέας: | |
|---|---|
| Άλλοι συγγραφείς: | |
| Μορφή: | Βιβλίο |
| Γλώσσα: | German |
| Δημοσίευση: |
Opladen :
Westdeutscher Verlag,
1995
|
| Θέματα: | |
| Ετικέτες: |
Προσθήκη ετικέτας
Δεν υπάρχουν, Καταχωρήστε ετικέτα πρώτοι!
|
MARC
| LEADER | 00000nam a2200000 i 4500 | ||
|---|---|---|---|
| 001 | 1/70764 | ||
| 008 | 000507s1995 ger d | ||
| 020 | |a 3-53-112776-4 | ||
| 035 | |l 10048183 | ||
| 040 | |a GR-MY-UA |b gre |e aacr | ||
| 041 | 0 | |a ger | |
| 082 | 0 | |a 305.4610943 | |
| 100 | 1 | |a Frohlich, Romy. | |
| 245 | 1 | 0 | |a Frauen und Medien : |b eine Synopse der deutschen Forschung / |c Romy Frohlich, Christina Holtz-Bacha ; unter Mitarbeit von Jutta Velte |
| 260 | |a Opladen : |b Westdeutscher Verlag, |c 1995 | ||
| 650 | 0 | 0 | |a Women |x Employment |z Germany. |
| 650 | 0 | 0 | |a Women in medicine |z Germany. |
| 650 | 0 | 0 | |a Women in science |z Germany. |
| 700 | 1 | |a Holtz - Bacha, Christina. | |
| 852 | |a INST |b LESVOS |e 20000507 |h 305.4610943 FRO |p 005100021474 |q 005100021474 |t BK |y 0 | ||
| 901 | |a BIBL1-2000-2 | ||
| 909 | |a Λ |b 061265 | ||
| 922 | |a 1ΕΛΗ |b 199811 |c ΚΠΣ/ΤΚ |d ΠΑΠΑΣΩΤΗΡΙΟΥ | ||
| 950 | |a 103-1998-07-27 | ||
| 970 | |z 2000/05/ΜΙΧΑΗΛΙΔΟΥ ΑΝΝΑ | ||